Zmeny v bilancii centrálnej banky v dôsledku nekonvenčnej menovej politiky diplomová práca

Enregistré dans:
Détails bibliographiques
Auteur principal: Mackových, Patrik
Collectivité auteur: Národohospodárska fakulta EU. Katedra bankovníctva a medzinárodných financií
Autres auteurs: Kotlebová, Jana, 1969-
Format: Livre
Langue:slovaque
Publié: Bratislava 2021
Tags: Ajouter un tag
Pas de tags, Soyez le premier à ajouter un tag!

MARC

LEADER 00000nbm a2200000 4500
001 0274208
005 20220110140026.9
041 0 |a slo 
044 |a SK 
245 1 0 |a Zmeny v bilancii centrálnej banky v dôsledku nekonvenčnej menovej politiky  |b diplomová práca  |c Patrik Mackových ; školiteľ: Jana Kotlebová 
264 1 |a Bratislava  |c 2021 
300 |a 88 s. 
100 1 |a Mackových, Patrik 
700 1 |a Kotlebová, Jana, 1969- 
710 2 |a Národohospodárska fakulta EU. Katedra bankovníctva a medzinárodných financií